Statystyki dla Mistrzowie lig na całym świecie 19/20

Kliknij tutaj aby rozwiązać quiz!

Ogólne statystyki

  • Ten quiz został rozwiązany 41 razy
  • Średni wynik to 15 z 67

Statystyki odpowiedzi

HintOdpowiedź% Poprawnych
HISZPANIAReal Madryt
80%
FRANCJAPSG
74%
NIEMCYBayern Monachium
69%
CHORWACJADinamo Zagrzeb
69%
BELGIAClub Brugge
66%
POLSKALegia Warszawa
66%
AUSTRIARB Salzburg
57%
ROSJAZenit
57%
PORTUGALIAFC Porto
54%
ANGLIALiverpool
54%
CZECHYSlavia Praga
46%
WŁOCHYJuventus Turyn
43%
UKRAINASzachtar Donieck
43%
SZKOCJACeltic Glasgow
40%
CZARNOGÓRAbrak
37%
MACEDONIAbrak
37%
HOLANDIAbrak
37%
MEKSYKbrak
37%
LUKSEMBURGbrak
37%
CYPRbrak
37%
GRECJAOlympiakos Pireus
37%
SERBIACrvena Zvezda
31%
SZWAJCARIAYoung Boys Berno
26%
IRLANDIADundalk
23%
ESTONIAFlora Tallin
23%
SŁOWACJASlovan Bratysława
23%
KAZACHSTANAstana
20%
BIAŁORUŚDynamo Brześć
20%
BOŚNIA I HERCEGOWINAFK Sarajewo
20%
BUŁGARIALudogorets
20%
RUMUNIACFR Cluj
17%
IRLANDIA PÓŁNOCNALinfield
17%
MOŁDAWIASheriff Tyraspol
17%
ARGENTYNABoca Juniors
14%
DANIAFC Midtjylland
14%
NORWEGIAMolde FK
14%
ARMENIAArarat-Armenia
11%
TURCJAIstanbul Basaksehir
11%
AZERBEJDŻANKarabach Agdam
11%
IZRAELMaccabi Tel Aviv
11%
AUSTRALIASydney FC
11%
ISLANDIAKR Reykjavik
9%
FINLANDIAKUPS
9%
ŁOTWARyga FC
9%
BRAZYLIAFlamengo
6%
CHINYGuangzhou Evergrande
6%
KOREA POŁUDNIOWAJeonbuk
6%
ALBANIAKF Tirana
6%
SŁOWENIANK Celje
6%
EGIPTAl Ahly
3%
KOLUMBIAAmerica de Cali
3%
ALGIERIABelouzidad
3%
URUGWAJClub Nacional
3%
WALIAConnah SQ
3%
EKWADORDelfin
3%
SZWECJADjurgadens IF
3%
TUNEZJAEsperance Tunis
3%
WĘGRYFerencvarosi TC
3%
MALTAFloriana FC
3%
RPAMamelodi
3%
PARAGWAJOlimpia Asuncion
3%
IRANPersepolis
3%
USASeattle Sounders
3%
LITWASuduva Marijampole
3%
CHILEUniversidad Catolica
3%
MAROKOWydad
3%
JAPONIAYokohama F. Marinos
3%

Rozkład punktacji

Percentyl według liczby udzielonych odpowiedzi

Procent ludzi z każdym wynikiem

Twoja historia wyników

Nie rozwiązałeś tego quizu